000 00674nam a2200289Ia 4500
005 20260324151011.0
008 008 260324s9999 xx 000 0 eng d
020 _a9781003226062
037 _aEBOOK
040 _aCRL
040 _beng
040 _cCRL
041 _2eng
041 _aeng
084 _qCRL
100 _aEden & Cedar Paul
_91228377
245 0 _aCreative Revolution
245 2 _bA Study of Communist Ergatocracy
260 _bTaylor and Francis
260 _c1920
365 _a
365 _b170
856 _uhttp://www.taylorfrancis.com/books/9781003226062
942 _cEBOOK
999 _c1838764
_d1838764